Statistics for Biggest Cities in New Hampshire

Click here to take the quiz!

General Stats

  • This quiz has been taken 2,818 times
    (1,969 since last reset)
  • The average score is 6 of 13

Answer Stats

PopulationCity% Correct
44,006Concord
94%
115,462Manchester
92%
91,124Nashua
75%
22,277Portsmouth
63%
23,106Keene
46%
33,171Dover
45%
32,869Rochester
36%
15,005Lebanon
35%
17,025Laconia
34%
9,704Berlin
33%
13,039Claremont
23%
8,828Franklin
17%
12,066Somersworth
16%

Score Distribution

Percentile by Number Answered

Percent of People with Each Score

Your Score History

You have not taken this quiz since the last reset